[Event "Bogota Students-ch 22th"]
[Site "Bogota"]
[Date "2013.11.05"]
[Round "5"]
[White "Herrera, Juan Sebastian"]
[Black "Juez, Jose Yesid"]
[Result "1-0"]
[WhiteElo "2214"]
[BlackElo "2060"]
[PlyCount "91"]
[EventDate "2013.11.03"]
[EventType "swiss"]
[EventRounds "6"]
[EventCountry "COL"]
[SourceTitle "EXT 2014"]
[Source "ChessBase"]
[SourceDate "2013.11.20"]
[SourceVersion "1"]
[SourceVersionDate "2013.11.20"]
[SourceQuality "1"]

1. e4 c5 2. Nc3 Nc6 3. g3 g6 4. Bg2 Bg7 5. d3 d6 6. Be3 Nf6 7. h3 a6 8. Qd2 h5 9. f4 Rb8 10. Nge2 Qc7 11. 0-0 e6 12. Rad1 0-0 13. d4 cxd4 14. Nxd4 Ne7 15. f5 exf5 16. exf5 Nxf5 17. Nxf5 Bxf5 18. Rxf5 gxf5 19. Bh6 Bxh6 20. Qxh6 Qc5+ 21. Kh2 Qe5 22. Rd5 Nxd5 23. Nxd5 f6 24. Nf4 Rf7 25. Bd5 Qe8 26. Be6 Qf8 27. Qg6+ Qg7 28. Bxf7+ Kh8 29. Qxh5+ Qh7 30. Qxh7+ Kxh7 31. Bg6+ Kh6 32. Bxf5 Re8 33. Kg2 Re1 34. a4 b5 35. axb5 axb5 36. Kf2 Re5 37. Bd3 Kg5 38. Kf3 b4 39. h4+ Kh6 40. b3 f5 41. Bc4 Re1 42. Nd5 Kg6 43. Nxb4 Kf6 44. Nd5+ Ke5 45. Nf4 Kd4 46. h5 1-0

[Event "COL-ch Universities"]
[Site "Santa Marta"]
[Date "2012.10.27"]
[Round "4"]
[White "Narvaez, Zamir Alexis"]
[Black "Juez, Jose Yesid"]
[Result "1-0"]
[WhiteElo "2174"]
[BlackElo "2060"]
[PlyCount "111"]
[EventDate "2012.10.26"]
[EventType "swiss"]
[EventRounds "6"]
[EventCountry "COL"]
[SourceTitle "EXT 2015"]
[Source "ChessBase"]
[SourceDate "2014.11.20"]
[SourceVersion "1"]
[SourceVersionDate "2014.11.20"]
[SourceQuality "1"]

1. e4 c5 2. Nf3 d6 3. d4 cxd4 4. Nxd4 Nf6 5. Nc3 g6 6. Be3 Bg7 7. f3 0-0 8. Qd2 Nc6 9. 0-0-0 Bd7 10. Bc4 Rb8 11. Bb3 b5 12. Ndxb5 Na5 13. Nd4 Nxb3+ 14. cxb3 a5 15. g4 a4 16. bxa4 Qa5 17. Nb3 Qa8 18. e5 Ne8 19. Bh6 Bxa4 20. Bxg7 Nxg7 21. Nxa4 Qxa4 22. Kb1 dxe5 23. Nc5 Qa7 24. Nd7 Ra8 25. a3 Rfc8 26. h4 e4 27. h5 e3 28. Qh2 g5 29. Qe5 Ne6 30. h6 Rc6 31. Rhe1 Rc7 32. Qd5 Rac8 33. Ne5 Qb6 34. Rd3 Rc5 35. Qe4 Rc2 36. Qb4 Qc7 37. Rdxe3 Rb8 38. Qxb8+ Qxb8 39. Kxc2 Qb6 40. Kb1 Nd4 41. Rc3 Qxh6 42. Rc4 Nb5 43. a4 Nd6 44. Rc7 Kf8 45. a5 Qh4 46. Nd3 Qg3 47. Rcxe7 Qxf3 48. Ne5 Qd5 49. Nd7+ Kg7 50. R7e5 Qd3+ 51. Ka1 h6 52. Nc5 Qg3 53. a6 Nc4 54. a7 Qg2 55. R5e2 Qc6 56. Rc2 1-0

[Event "Bogota op 02"]
[Site "Bogota"]
[Date "2012.02.25"]
[Round "4"]
[White "Blanco, Juan Sebastian"]
[Black "Juez, Jose Yesid"]
[Result "0-1"]
[WhiteElo "1634"]
[BlackElo "2051"]
[PlyCount "51"]
[EventDate "2012.02.23"]
[EventType "swiss"]
[EventRounds "7"]
[EventCountry "COL"]
[SourceTitle "CBM 147 Extra"]
[Source "ChessBase"]
[SourceDate "2012.04.24"]
[SourceVersion "1"]
[SourceVersionDate "2012.04.24"]
[SourceQuality "1"]

1. d4 Nf6 2. c4 e6 3. Nc3 d5 4. e3 a6 5. b3 Be7 6. Bb2 0-0 7. Nf3 Nbd7 8. Bd3 c6 9. Rc1 b5 10. cxd5 cxd5 11. 0-0 Bd6 12. Qd2 Bb7 13. Rc2 Ne4 14. Qe2 f5 15. Nd2 Qh4 16. f4 Nxd2 17. Qxd2 g5 18. Qf2 Qh6 19. Ne2 Nf6 20. Qg3 g4 21. Rfc1 b4 22. Rf1 Rf7 23. Bc1 Rg7 24. Qf2 g3 25. Qxg3 Rxg3 26. Nxg3 0-1

[Event "Bogota op 02"]
[Site "Bogota"]
[Date "2012.02.25"]
[Round "5"]
[White "Juez, Jose Yesid"]
[Black "Acuna Buitrago, Camilo Andres"]
[Result "1-0"]
[WhiteElo "2051"]
[BlackElo "2056"]
[PlyCount "79"]
[EventDate "2012.02.23"]
[EventType "swiss"]
[EventRounds "7"]
[EventCountry "COL"]
[SourceTitle "CBM 147 Extra"]
[Source "ChessBase"]
[SourceDate "2012.04.24"]
[SourceVersion "1"]
[SourceVersionDate "2012.04.24"]
[SourceQuality "1"]

1. e4 c5 2. Nf3 d6 3. c3 Nf6 4. h3 Nc6 5. Bd3 e5 6. Bc2 g6 7. 0-0 Qc7 8. d4 Bg7 9. d5 Ne7 10. c4 0-0 11. Nc3 Ne8 12. a3 f5 13. exf5 gxf5 14. Ng5 Rf6 15. Qh5 Rg6 16. Nxh7 Nf6 17. Nxf6+ Bxf6 18. Be3 Bd7 19. Qe2 Kf7 20. Kh2 Rh8 21. Rad1 Rg7 22. Qd2 f4 23. Bxf4 exf4 24. Qxf4 Rh4 25. Qe3 Nf5 26. Bxf5 Bxf5 27. Rde1 Qd7 28. Nb5 Rgh7 29. Qe8+ Qxe8 30. Nxd6+ Kg6 31. Rxe8 Bxb2 32. Rfe1 Rg7 33. R1e3 Rh5 34. Rf8 Bd7 35. f4 Ba4 36. g4 Rh6 37. Nf5 Kh7 38. Nxh6 Kxh6 39. g5+ Kg6 40. Re6+ 1-0

[Event "Bogota Mayores Distrital op"]
[Site "Bogota"]
[Date "2011.08.12"]
[Round "3"]
[White "Juez, Jose Yesid"]
[Black "Giron, Yorman Omar"]
[Result "1-0"]
[WhiteElo "2056"]
[BlackElo "1885"]
[PlyCount "79"]
[EventDate "2011.08.11"]
[EventType "swiss"]
[EventRounds "9"]
[EventCountry "COL"]
[SourceTitle "CBM 143 Extra"]
[Source "ChessBase"]
[SourceDate "2011.08.29"]
[SourceVersion "1"]
[SourceVersionDate "2011.08.29"]
[SourceQuality "1"]

1. e4 c5 2. Nf3 d6 3. c3 Nf6 4. h3 Qc7 5. Bd3 Bd7 6. Bc2 Bc6 7. Qe2 e6 8. 0-0 Be7 9. d4 0-0 10. Re1 e5 11. d5 Bd7 12. c4 h6 13. Nc3 Nh7 14. a4 Na6 15. Be3 Nb4 16. Bb1 a6 17. Nd2 f5 18. exf5 Bxf5 19. Bxf5 Rxf5 20. Qg4 Raf8 21. Bxh6 Bg5 22. Bxg5 Nxg5 23. Re2 Nc2 24. Rf1 Nd4 25. Ree1 Qe7 26. f4 Nh7 27. fxe5 Rxf1+ 28. Nxf1 dxe5 29. Qg3 Rf5 30. Ne4 Qf8 31. Nfd2 Nf6 32. Qg6 Nxe4 33. Nxe4 Rf1+ 34. Rxf1 Ne2+ 35. Kh2 Qxf1 36. Qe8+ Kh7 37. Ng5+ Kh6 38. Nf7+ Kh7 39. Qh8+ Kg6 40. Nxe5+ 1-0

[Event "Bogota Mayores Distrital op 06"]
[Site "Bogota"]
[Date "2011.06.19"]
[Round "7"]
[White "Juez, Jose Yesid"]
[Black "Avella Rosas, Luis Eduardo"]
[Result "1-0"]
[WhiteElo "2049"]
[BlackElo "2015"]
[PlyCount "45"]
[EventDate "2011.06.16"]
[EventType "swiss"]
[EventRounds "7"]
[EventCountry "COL"]
[SourceTitle "EXT 2012"]
[Source "ChessBase"]
[SourceDate "2011.11.24"]
[SourceVersion "1"]
[SourceVersionDate "2011.11.24"]
[SourceQuality "1"]

1. e4 e5 2. f4 d5 3. exd5 e4 4. d3 Nf6 5. dxe4 Nxe4 6. Nf3 Bc5 7. Qe2 Bf2+ 8. Kd1 Qxd5+ 9. Nfd2 f5 10. Nc3 Qd4 11. Ncxe4 fxe4 12. c3 Qe3 13. Nxe4 Qxe2+ 14. Bxe2 Bb6 15. Bb5+ Bd7 16. Bxd7+ Nxd7 17. Kc2 Kf7 18. Re1 h6 19. Be3 Rhe8 20. Bxb6 axb6 21. a3 Ra4 22. b4 c5 23. Nd6+ 1-0

[Event "COL-chT"]
[Site "Bogota"]
[Date "2010.10.16"]
[Round "4.2"]
[White "Melgosa, Marcio"]
[Black "Juez, Jose Yesid"]
[Result "0-1"]
[WhiteElo "2255"]
[BlackElo "2045"]
[PlyCount "66"]
[EventDate "2010.10.15"]
[EventType "swiss"]
[EventRounds "7"]
[EventCountry "COL"]
[SourceTitle "EXT 2024"]
[Source "ChessBase"]
[SourceDate "2023.10.10"]
[SourceVersion "1"]
[SourceVersionDate "2023.10.10"]
[SourceQuality "1"]

1. e4 c5 2. Nf3 Nc6 3. Nc3 Nf6 4. e5 Ng4 5. Qe2 d6 6. exd6 Qxd6 7. d4 cxd4 8. Nb5 Qb8 9. g3 e5 10. h3 d3 11. Qxd3 Nf6 12. Bg5 a6 13. Bxf6 axb5 14. Bg5 Bc5 15. Be3 Bxe3 16. Qxe3 0-0 17. Bxb5 Bf5 18. c3 Ra5 19. Bc4 b5 20. Bb3 b4 21. g4 Bg6 22. 0-0 h5 23. Nh4 Bh7 24. Nf5 hxg4 25. hxg4 Bxf5 26. gxf5 bxc3 27. Qxc3 Qd6 28. Rac1 Ra6 29. Rcd1 Qf6 30. f4 Qxf5 31. Rd2 Nd4 32. fxe5 Rg6+ 33. Rg2 Ne2+ 0-1

[Event "COL-chT"]
[Site "Bogota"]
[Date "2010.10.15"]
[Round "2.3"]
[White "Juez, Jose Yesid"]
[Black "Becerra, Juan David"]
[Result "0-1"]
[WhiteElo "2045"]
[BlackElo "2247"]
[PlyCount "104"]
[EventDate "2010.10.15"]
[EventType "swiss"]
[EventRounds "7"]
[EventCountry "COL"]
[SourceTitle "EXT 2024"]
[Source "ChessBase"]
[SourceDate "2023.10.10"]
[SourceVersion "1"]
[SourceVersionDate "2023.10.10"]
[SourceQuality "1"]

1. e4 c5 2. Nf3 d6 3. c3 Nf6 4. h3 Nbd7 5. Bd3 g6 6. Bc2 Bg7 7. d4 cxd4 8. cxd4 0-0 9. 0-0 e6 10. Nc3 Nb6 11. Bf4 d5 12. e5 Ne8 13. Qc1 Bd7 14. Bh6 Rc8 15. Nh2 f6 16. Bxg7 Kxg7 17. Nf3 Nc4 18. exf6+ Rxf6 19. Nd2 Ned6 20. Nxc4 Rxc4 21. Bb3 Rxd4 22. Ne2 Re4 23. Ng3 Ref4 24. Qc5 Bb5 25. Rfe1 Qb6 26. Qxb6 axb6 27. f3 Rd4 28. Rac1 Rd2 29. Rc7+ Rf7 30. Rcc1 Kf6 31. Rc2 Rxc2 32. Bxc2 Rc7 33. Bb3 Bc4 34. Rc1 Rc5 35. Rc3 Ba6 36. Kf2 Nb5 37. Rd3 Na3 38. Rd4 Nc4 39. Bxc4 Bxc4 40. b3 Ba6 41. Rd2 h5 42. h4 Rc3 43. Ne2 Bxe2 44. Kxe2 Ke5 45. g3 d4 46. Rd3 Rc8 47. a4 Kd5 48. g4 hxg4 49. fxg4 Rc2+ 50. Rd2 Rxd2+ 51. Kxd2 e5 52. g5 e4 0-1

[Event "COL-ch School U17"]
[Site "Yumbo"]
[Date "2010.04.29"]
[Round "5.1"]
[White "Juez, Jose Yesid"]
[Black "Dominguez, Oscar Alberto"]
[Result "0-1"]
[WhiteElo "2021"]
[BlackElo "1892"]
[PlyCount "72"]
[EventDate "2010.04.27"]
[EventType "swiss"]
[EventRounds "7"]
[EventCountry "COL"]
[SourceTitle "EXT 2024"]
[Source "ChessBase"]
[SourceDate "2023.10.10"]
[SourceVersion "1"]
[SourceVersionDate "2023.10.10"]
[SourceQuality "1"]

1. e4 e6 2. d3 d5 3. Nd2 Nf6 4. Ngf3 Nc6 5. g3 dxe4 6. dxe4 e5 7. Bg2 Bc5 8. 0-0 0-0 9. Qe2 Qe7 10. c3 a5 11. Nc4 b6 12. Nh4 Ba6 13. Nf5 Qe6 14. b3 g6 15. Nh6+ Kg7 16. a4 Bxc4 17. bxc4 Ne7 18. h4 Neg8 19. Nxg8 Rxg8 20. Kh2 Rge8 21. Bh3 Qc6 22. Re1 Rad8 23. Bg5 h6 24. Bc1 Rd6 25. g4 Nh7 26. f4 Red8 27. fxe5 Rd3 28. Qf1 Rxc3 29. Qf4 Rc2+ 30. Bg2 g5 31. hxg5 hxg5 32. Qf3 Bf2 33. Rf1 Qh6+ 34. Qh3 Qxh3+ 35. Kxh3 Rh8 36. Rxf2 Rxf2 0-1

[Event "COL-ch U20"]
[Site "Bogota"]
[Date "2010.04.16"]
[Round "3"]
[White "Juez, Jose Yesid"]
[Black "Barros, Raul Junior"]
[Result "1-0"]
[WhiteElo "2021"]
[BlackElo "2076"]
[PlyCount "65"]
[EventDate "2010.04.15"]
[EventType "swiss"]
[EventRounds "7"]
[EventCountry "COL"]
[SourceTitle "CBM 135 Extra"]
[Source "ChessBase"]
[SourceDate "2010.05.04"]
[SourceVersion "1"]
[SourceVersionDate "2010.05.04"]
[SourceQuality "1"]

1. e4 c5 2. Nf3 e6 3. d3 d5 4. Nbd2 Nc6 5. g3 Nf6 6. Bg2 Be7 7. 0-0 0-0 8. Re1 b5 9. e5 Nd7 10. Nf1 a5 11. h4 b4 12. N1h2 a4 13. a3 bxa3 14. bxa3 Na5 15. Ng5 Bxg5 16. hxg5 Ba6 17. Qh5 c4 18. d4 Qb6 19. Be3 Qb2 20. Rec1 c3 21. Ng4 Nc4 22. Nf6+ Nxf6 23. gxf6 Nxe3 24. fxe3 h6 25. fxg7 Kxg7 26. Qg4+ Kh7 27. e4 Rg8 28. Qf4 Qb7 29. Rab1 Qa7 30. exd5 exd5 31. Bxd5 Rxg3+ 32. Kf2 Rd8 33. Kxg3 1-0

[Event "Bogota Region-ch U17"]
[Site "Bogota"]
[Date "2010.04.12"]
[Round "?"]
[White "Camargo, Santiago"]
[Black "Juez, Jose Yesid"]
[Result "0-1"]
[WhiteElo "2074"]
[BlackElo "2021"]
[PlyCount "82"]
[EventDate "2010.04.09"]
[EventType "swiss"]
[EventRounds "6"]
[EventCountry "COL"]
[SourceTitle "EXT 2024"]
[Source "ChessBase"]
[SourceDate "2023.10.10"]
[SourceVersion "1"]
[SourceVersionDate "2023.10.10"]
[SourceQuality "1"]

1. e4 c5 2. Nf3 Nc6 3. d4 cxd4 4. Nxd4 Nf6 5. Nc3 e5 6. Ndb5 d6 7. Bg5 a6 8. Na3 b5 9. Nd5 Be7 10. Nxe7 Nxe7 11. Bxf6 gxf6 12. g3 Bb7 13. Bg2 f5 14. Qd3 fxe4 15. Bxe4 d5 16. Bg2 b4 17. Nb1 a5 18. Nd2 0-0 19. 0-0-0 Rc8 20. Qe2 Qc7 21. Nf3 Ba6 22. Qd2 a4 23. Kb1 b3 24. axb3 axb3 25. cxb3 e4 26. Ne1 f5 27. Bf1 Ra8 28. Qg5+ Kh8 29. Nc2 Bxf1 30. Rhxf1 Ra6 31. Qe3 Qb7 32. Qd4+ Kg8 33. Nb4 Ra5 34. Qc3 Rc8 35. Qd2 Rb5 36. Nc2 Rxb3 37. Nd4 Rb6 38. Qg5+ Ng6 39. Rd2 Qa6 40. Rc1 Rxc1+ 41. Kxc1 Qa1+ 0-1

[Event "Bogota Region-ch U17"]
[Site "Bogota"]
[Date "2010.04.10"]
[Round "2.3"]
[White "Camacho Cardenas, Miguel Alejand"]
[Black "Juez, Jose Yesid"]
[Result "0-1"]
[WhiteElo "1906"]
[BlackElo "2021"]
[PlyCount "58"]
[EventDate "2010.04.09"]
[EventType "swiss"]
[EventRounds "6"]
[EventCountry "COL"]
[SourceTitle "EXT 2024"]
[Source "ChessBase"]
[SourceDate "2023.10.10"]
[SourceVersion "1"]
[SourceVersionDate "2023.10.10"]
[SourceQuality "1"]

1. e4 c5 2. Nf3 Nc6 3. d4 cxd4 4. Nxd4 Nf6 5. Nc3 e5 6. Ndb5 d6 7. Bg5 a6 8. Na3 b5 9. Nd5 Be7 10. Bxf6 Bxf6 11. Nxf6+ Qxf6 12. c3 0-0 13. Nc2 Qg6 14. Qf3 f5 15. Bd3 d5 16. exf5 Qf7 17. Qe3 e4 18. Be2 Bxf5 19. 0-0 Ne5 20. Nd4 Bd7 21. f3 Qg6 22. fxe4 dxe4 23. Rxf8+ Rxf8 24. Rf1 Rxf1+ 25. Bxf1 h6 26. Be2 Bg4 27. Qg3 Qg5 28. Bxg4 Nxg4 29. Ne2 Qd2 0-1

[Event "Bogota Region-ch U17"]
[Site "Bogota"]
[Date "2010.04.10"]
[Round "4.1"]
[White "Ruiz Castillo, Joshua Daniel"]
[Black "Juez, Jose Yesid"]
[Result "1/2-1/2"]
[WhiteElo "2063"]
[BlackElo "2021"]
[PlyCount "65"]
[EventDate "2010.04.09"]
[EventType "swiss"]
[EventRounds "6"]
[EventCountry "COL"]
[SourceTitle "EXT 2024"]
[Source "ChessBase"]
[SourceDate "2023.10.10"]
[SourceVersion "1"]
[SourceVersionDate "2023.10.10"]
[SourceQuality "1"]

1. e4 c5 2. Nf3 Nc6 3. d4 cxd4 4. Nxd4 Nf6 5. Nc3 e5 6. Ndb5 d6 7. Bg5 a6 8. Na3 b5 9. Bxf6 gxf6 10. Nd5 Bg7 11. Bd3 Ne7 12. Nxe7 Qxe7 13. 0-0 0-0 14. c4 f5 15. cxb5 d5 16. bxa6 fxe4 17. Bb5 d4 18. Bc6 Rxa6 19. Bxe4 Be6 20. Bxh7+ Kxh7 21. Qd3+ Kg8 22. Qxa6 e4 23. b3 Bd5 24. Rad1 Bb7 25. Qb5 Rd8 26. Nc4 Rd5 27. Qb6 e3 28. fxe3 Rg5 29. Rf2 Rg6 30. Qa7 Qe4 31. Rdd2 Qb1+ 32. Rf1 Qe4 33. Rff2 1/2-1/2

[Event "COL-ch U18"]
[Site "Medellin"]
[Date "2009.12.17"]
[Round "5"]
[White "Juez, Jose Yesid"]
[Black "Navarro, Jhon Fredy"]
[Result "1-0"]
[WhiteElo "2043"]
[BlackElo "1636"]
[PlyCount "38"]
[EventDate "2009.12.15"]
[EventType "swiss"]
[EventRounds "8"]
[EventCountry "COL"]
[SourceTitle "EXT 2024"]
[Source "ChessBase"]
[SourceDate "2023.10.10"]
[SourceVersion "1"]
[SourceVersionDate "2023.10.10"]
[SourceQuality "1"]

1. e4 c5 2. Nf3 g6 3. c3 d5 4. exd5 Qxd5 5. d4 cxd4 6. cxd4 Bg7 7. Nc3 Qa5 8. Bc4 Nf6 9. 0-0 0-0 10. Re1 e6 11. Bf4 a6 12. Rc1 Nc6 13. a3 Rd8 14. Qd2 b5 15. Ba2 Bb7 16. Red1 Rd7 17. h3 Rad8 18. Qe3 Nd5 19. Bxd5 Rxd5 1-0

[Event "COL-ch U18"]
[Site "Medellin"]
[Date "2009.12.15"]
[Round "2"]
[White "De Arco, Luis Carlos"]
[Black "Juez, Jose Yesid"]
[Result "1-0"]
[WhiteElo "2214"]
[BlackElo "2043"]
[PlyCount "107"]
[EventDate "2009.12.15"]
[EventType "swiss"]
[EventRounds "8"]
[EventCountry "COL"]
[SourceTitle "EXT 2024"]
[Source "ChessBase"]
[SourceDate "2023.10.10"]
[SourceVersion "1"]
[SourceVersionDate "2023.10.10"]
[SourceQuality "1"]

1. e4 c5 2. Nf3 Nc6 3. c3 Nf6 4. e5 Nd5 5. Bc4 Nb6 6. Bb3 e6 7. d4 cxd4 8. cxd4 d6 9. 0-0 Be7 10. Nc3 0-0 11. Qe2 d5 12. Bc2 f6 13. exf6 Bxf6 14. Rd1 Qe7 15. Ne5 Bxe5 16. dxe5 Qc5 17. Be3 Qe7 18. b3 Nd7 19. f4 d4 20. Bxd4 Rxf4 21. Be3 Rf8 22. Ne4 Ncxe5 23. a3 b6 24. Bg5 Nf6 25. Nxf6+ gxf6 26. Qxe5 fxg5 27. Be4 Bb7 28. Bxb7 Qxb7 29. Qxg5+ Qg7 30. Qxg7+ Kxg7 31. Rd6 Rf6 32. Rc1 Kg6 33. Rc7 h6 34. Rdd7 Kf5 35. h3 a5 36. Rd6 Rb8 37. Rcc6 b5 38. Rd7 Ke5 39. Rd2 Kf5 40. Rf2+ Kg6 41. Re2 Kf7 42. Ra6 a4 43. bxa4 bxa4 44. Rxa4 Rb1+ 45. Kh2 Ra1 46. Ra6 Raf1 47. a4 R1f2 48. Raxe6 Rxe2 49. Rxe2 Ra6 50. Ra2 Ra5 51. Kg3 Kg6 52. Kf4 h5 53. Ke4 Kg5 54. Kd4 1-0

[Event "Pan American-ch Schools U17"]
[Site "Columbia"]
[Date "2009.10.07"]
[Round "1"]
[White "Juez, Jose Yesid"]
[Black "Duran, Fabian Alberto"]
[Result "1-0"]
[WhiteElo "2041"]
[BlackElo "1850"]
[PlyCount "59"]
[EventDate "2009.10.07"]
[EventType "rapid"]
[EventRounds "7"]
[EventCountry "COL"]
[SourceTitle "CBM 132 Extra"]
[Source "ChessBase"]
[SourceDate "2009.11.03"]
[SourceVersion "1"]
[SourceVersionDate "2009.11.03"]
[SourceQuality "1"]

1. e4 c5 2. Nf3 d6 3. c3 Nf6 4. h3 Nc6 5. Bd3 g6 6. Bc2 Bg7 7. 0-0 0-0 8. d4 cxd4 9. cxd4 b6 10. Re1 Nb4 11. Nc3 Nxc2 12. Qxc2 Bb7 13. Bf4 Nh5 14. Be3 f5 15. Ng5 Qd7 16. Qb3+ Kh8 17. Nf7+ Rxf7 18. Qxf7 Rf8 19. Qc4 fxe4 20. d5 Nf6 21. Rad1 Rc8 22. Qe2 e6 23. Bd4 e5 24. Be3 Qf5 25. g4 Qf3 26. Qxf3 exf3 27. Bg5 Nd7 28. Be7 Bf8 29. Bxf8 Rxf8 30. Ne4 1-0

[Event "COL-ch U26"]
[Site "Bogota"]
[Date "2008.09.19"]
[Round "3"]
[White "Perez, Laura"]
[Black "Juez, Jose Yesid"]
[Result "0-1"]
[WhiteElo "1914"]
[BlackElo "1945"]
[PlyCount "88"]
[EventDate "2008.09.18"]
[EventType "swiss"]
[EventRounds "7"]
[EventCountry "COL"]
[SourceTitle "EXT 2010"]
[Source "ChessBase"]
[SourceDate "2010.11.25"]
[SourceVersion "1"]
[SourceVersionDate "2010.11.25"]
[SourceQuality "1"]

1. d4 Nf6 2. Nc3 e6 3. e4 Bb4 4. Bd3 c5 5. Nge2 c4 6. Bxc4 Nxe4 7. 0-0 Bxc3 8. Nxc3 Nxc3 9. bxc3 0-0 10. Bd3 f5 11. f4 b6 12. Qf3 Nc6 13. Bb2 Bb7 14. Qe3 Rc8 15. c4 Na5 16. c5 Bd5 17. Qe2 bxc5 18. dxc5 Re8 19. c4 Ba8 20. Rae1 Qc7 21. Bd4 Nc6 22. Bb2 Nb4 23. Bd4 Na6 24. Bxf5 exf5 25. Qxe8+ Rxe8 26. Rxe8+ Kf7 27. Rxa8 Nb4 28. g3 Nc6 29. Ba1 Nb8 30. Rb1 Qxc5+ 31. Kf1 Qxc4+ 32. Kg1 Qc5+ 33. Kf1 Nc6 34. Re1 Qd5 35. Rc8 Qh1+ 36. Ke2 Qxh2+ 37. Kd1 Qxa2 38. Bc3 Qa4+ 39. Kd2 Qa2+ 40. Kc1 Qc4 41. Kd2 Qd5+ 42. Kc1 Qd3 43. Kb2 Qxg3 44. Ree8 Qxf4 0-1